[Event "EU-ch U10 Girls"]
[Site "Bratislava"]
[Date "2019.08.09"]
[Round "8"]
[White "Stoll, Lucia"]
[Black "Shukhman, Anna"]
[Result "0-1"]
[WhiteElo "1596"]
[BlackElo "1806"]
[PlyCount "98"]
[EventDate "2019.08.02"]
[EventType "swiss"]
[EventRounds "9"]
[EventCountry "SVK"]
[SourceTitle "EXT 2020"]
[Source "ChessBase"]
[SourceDate "2019.10.17"]
[SourceVersion "1"]
[SourceVersionDate "2019.10.17"]
[SourceQuality "1"]

1. e4 c5 2. Nf3 g6 3. c3 d5 4. Bb5+ Nc6 5. e5 Bg7 6. 0-0 Bg4 7. Bxc6+ bxc6 8. d4 cxd4 9. cxd4 Qb6 10. Nbd2 e6 11. h3 Bxf3 12. Nxf3 Ne7 13. Qe2 0-0 14. Be3 Nf5 15. Rac1 Rfc8 16. b3 Bf8 17. Nh2 Nxd4 18. Qd2 c5 19. Bxd4 cxd4 20. Nf3 a5 21. Rxc8 Rxc8 22. Qxd4 Qb4 23. Qb2 Bc5 24. Rc1 a4 25. Ne1 Bxf2+ 26. Kf1 Rxc1 27. Qxc1 Qxe1+ 28. Qxe1 Bxe1 29. Kxe1 axb3 30. axb3 Kf8 31. Kd2 Ke7 32. Kc3 Kd7 33. Kb4 Kc6 34. h4 h5 35. Ka5 d4 36. Kb4 Kd5 37. Ka3 d3 38. Kb2 Kd4 39. b4 Ke3 40. b5 d2 41. b6 d1Q 42. b7 Qd8 43. Kc3 Qc7+ 44. Kb4 Qxb7+ 45. Kc5 Qc7+ 46. Kb5 Kd4 47. g3 Qb7+ 48. Ka5 Kc4 49. Ka4 Qb4# 0-1

[Event "Match France-Chine U12 G"]
[Site "Saint Quentin"]
[Date "2019.06.28"]
[Round "10.4"]
[White "Zhao, Yunqing"]
[Black "Stoll, Lucia"]
[Result "1-0"]
[WhiteElo "1539"]
[BlackElo "1403"]
[PlyCount "217"]
[EventDate "2019.06.??"]
[EventType "team-match (blitz)"]
[EventRounds "12"]
[EventCountry "FRA"]
[SourceTitle "EXT 2020"]
[Source "ChessBase"]
[SourceDate "2019.10.17"]
[SourceVersion "1"]
[SourceVersionDate "2019.10.17"]
[SourceQuality "1"]

1. d4 d5 2. Nf3 Nf6 3. c4 e6 4. g3 Be7 5. Bg2 0-0 6. 0-0 dxc4 7. Ne5 Nc6 8. Bxc6 bxc6 9. Nxc6 Qe8 10. Nxe7+ Qxe7 11. Qa4 e5 12. dxe5 Qxe5 13. Qxc4 Be6 14. Qd3 Bh3 15. Re1 Rad8 16. Qe3 Qd5 17. f3 Ng4 18. Qc3 Rfe8 19. e4 Qb7 20. Qb3 Qc6 21. Na3 Rb8 22. Qc3 Qb6+ 23. Be3 Nxe3 24. Rxe3 Qxb2 25. Qxb2 Rxb2 26. Rc3 Re7 27. Rc2 Rxc2 28. Nxc2 c5 29. Rb1 f6 30. Ne3 Be6 31. Rb2 Rc7 32. Kf2 Kf7 33. Ke2 Rd7 34. Rc2 Rc7 35. f4 Ke7 36. Nc4 Kd7 37. e5 Bxc4+ 38. Rxc4 fxe5 39. fxe5 Ke6 40. Re4 Rd7 41. Rc4 Kd5 42. Rc2 Rc7 43. Kd3 c4+ 44. Kc3 Kxe5 45. Re2+ Kd5 46. Rd2+ Ke5 47. Rd4 Rf7 48. Rd2 Rc7 49. Re2+ Kd5 50. Rd2+ Kc5 51. Re2 Kb5 52. h4 Ka4 53. Rf2 Ka3 54. Re2 Ka4 55. Rf2 Kb5 56. Rf5+ Ka4 57. Rf2 a6 58. Re2 h6 59. g4 Rc6 60. Rf2 g6 61. g5 hxg5 62. hxg5 Rc5 63. Rg2 Ka3 64. Kd4 Rb5 65. Kc3 Rf5 66. Kxc4 a5 67. Kd4 a4 68. Ke4 Kb4 69. Kd3 Ka3 70. Ke4 Kb4 71. Kd3 a3 72. Rg4+ Ka5 73. Kc3 Rb5 74. Rg2 Kb6 75. Rg4 Ka5 76. Rg2 Kb6 77. Rg4 Rb2 78. Rb4+ Rxb4 79. Kxb4 Kc6 80. Kxa3 Kc5 81. Kb3 Kb5 82. Kc3 Kc5 83. Kd3 Kd5 84. Ke3 Ke5 85. a4 Kd5 86. Kf4 Kd6 87. Ke4 Ke6 88. a5 Kd6 89. a6 Kc6 90. Ke5 Kb6 91. Kf6 Kxa6 92. Kxg6 Kb6 93. Kf7 Kc7 94. g6 Kd6 95. g7 Ke5 96. g8Q Ke4 97. Qg5 Kd4 98. Qf5 Kc4 99. Qe5 Kb4 100. Qd5 Ka4 101. Qc5 Kb3 102. Ke6 Ka4 103. Qb6 Ka3 104. Qb5 Ka2 105. Qb4 Ka1 106. Kd5 Ka2 107. Kc4 Ka1 108. Kc3 Ka2 109. Qb2# 1-0

[Event "EU-ch U10 Girls 28th"]
[Site "Riga"]
[Date "2018.08.24"]
[Round "5"]
[White "Liashkevich, Lizaveta"]
[Black "Stoll, Lucia"]
[Result "1/2-1/2"]
[WhiteElo "1009"]
[BlackElo "1398"]
[PlyCount "64"]
[EventDate "2018.08.20"]
[EventType "swiss"]
[EventRounds "9"]
[EventCountry "LAT"]
[SourceTitle "CBM 186 Extra"]
[Source "ChessBase"]
[SourceDate "2018.08.24"]
[SourceVersion "1"]
[SourceVersionDate "2018.08.24"]
[SourceQuality "1"]

1. d4 d5 2. c4 e6 3. Nc3 Nf6 4. Bg5 Be7 5. cxd5 exd5 6. Nf3 c6 7. e3 0-0 8. Bd3 Re8 9. Qc2 Nbd7 10. 0-0 Nf8 11. Ne5 Ng6 12. f4 Ng4 13. Bxe7 Qxe7 14. Qe2 N6xe5 15. fxe5 Qg5 16. e4 dxe4 17. Nxe4 Qe3+ 18. Qxe3 Nxe3 19. Rf3 Nf5 20. Bc4 Rd8 21. Nd6 Nxd6 22. exd6 Be6 23. Bxe6 fxe6 24. Raf1 Rxd6 25. Rf7 Rxd4 26. Rxb7 Rf8 27. Rxa7 e5 28. a4 e4 29. a5 Rxf1+ 30. Kxf1 Rd2 31. Re7 Rxb2 32. Rxe4 Ra2 1/2-1/2

[Event "EU-ch U10 Girls 28th"]
[Site "Riga"]
[Date "2018.08.22"]
[Round "3"]
[White "Guid, Taja"]
[Black "Stoll, Lucia"]
[Result "1-0"]
[WhiteElo "1259"]
[BlackElo "1398"]
[PlyCount "52"]
[EventDate "2018.08.20"]
[EventType "swiss"]
[EventRounds "9"]
[EventCountry "LAT"]
[SourceTitle "CBM 186 Extra"]
[Source "ChessBase"]
[SourceDate "2018.08.24"]
[SourceVersion "1"]
[SourceVersionDate "2018.08.24"]
[SourceQuality "1"]

1. c4 e6 2. g3 d5 3. Nf3 Nf6 4. Bg2 Be7 5. 0-0 0-0 6. b3 c5 7. Bb2 Nc6 8. e3 b6 9. cxd5 exd5 10. d4 Bb7 11. Nbd2 Rc8 12. Ne5 Nxe5 13. dxe5 Ne4 14. Nxe4 dxe4 15. Qc2 Ba6 16. Bxe4 Bxf1 17. Bxh7+ Kh8 18. Rxf1 Qc7 19. Bd3 Rfd8 20. Qe2 Kg8 21. Bc4 a6 22. Qh5 g6 23. Qxg6+ Kh8 24. e6+ f6 25. Bd3 Rxd3 26. Qxd3 Qc6 1-0

[Event "EU Union-ch U10 16th"]
[Site "Mureck"]
[Date "2018.08.07"]
[Round "7"]
[White "Shi, William1111"]
[Black "Stoll, Lucia"]
[Result "1-0"]
[WhiteElo "1519"]
[BlackElo "1398"]
[PlyCount "157"]
[EventDate "2018.08.01"]
[EventType "swiss"]
[EventRounds "9"]
[EventCountry "AUT"]
[SourceTitle "CBM 186 Extra"]
[Source "ChessBase"]
[SourceDate "2018.08.24"]
[SourceVersion "1"]
[SourceVersionDate "2018.08.24"]
[SourceQuality "1"]

1. e4 e5 2. Nf3 Nc6 3. Bc4 Nf6 4. Ng5 d5 5. exd5 Na5 6. Bb5+ c6 7. dxc6 bxc6 8. Be2 h6 9. Nf3 e4 10. Ne5 Bd6 11. d4 exd3 12. Nxd3 Qc7 13. h3 c5 14. Bf3 Qe7+ 15. Qe2 Qxe2+ 16. Kxe2 Rb8 17. Bd2 Nb7 18. Na3 Bd7 19. Rhe1 0-0 20. Bc3 Nh7 21. Kf1 Ng5 22. Bxb7 Rxb7 23. Nc4 Bb8 24. Nxc5 Rc7 25. Nxd7 Rxd7 26. Rad1 Rxd1 27. Rxd1 Ne6 28. g3 Rc8 29. Ne3 Bc7 30. Kg2 Bb6 31. Nf5 Kh7 32. Nh4 Nc5 33. Bd4 Rd8 34. Nf3 Na4 35. b3 Nc3 36. Rd3 Nxa2 37. Bxb6 Rxd3 38. cxd3 axb6 39. Ne5 Nb4 40. d4 Kg8 41. Nc4 Nd5 42. Kf3 b5 43. Na3 b4 44. Nc2 f5 45. g4 g6 46. gxf5 gxf5 47. Ne3 Nxe3 48. fxe3 Kf7 49. Kf4 Ke6 50. e4 fxe4 51. Kxe4 Kd6 52. Kd3 Kd5 53. Ke3 Kd6 54. Ke4 Ke6 55. d5+ Kd6 56. Kd4 Kd7 57. Kc5 Kc7 58. Kxb4 Kd6 59. Kc4 h5 60. h4 Kc7 61. Kc5 Kd7 62. d6 Kd8 63. Kc6 Kc8 64. d7+ Kd8 65. b4 Ke7 66. Kc7 Ke6 67. d8Q Ke5 68. Qd3 Kf4 69. Qd5 Ke3 70. Qc4 Kf3 71. Qd4 Kg3 72. Qf6 Kg4 73. Kd6 Kg3 74. Qf5 Kg2 75. Ke5 Kg3 76. Ke4 Kxh4 77. Qg6 Kh3 78. Kf3 Kh2 79. Qg2# 1-0

[Event "EU Union-ch U10 16th"]
[Site "Mureck"]
[Date "2018.08.05"]
[Round "5"]
[White "Szigeti, Adam"]
[Black "Stoll, Lucia"]
[Result "0-1"]
[WhiteElo "1175"]
[BlackElo "1398"]
[PlyCount "110"]
[EventDate "2018.08.01"]
[EventType "swiss"]
[EventRounds "9"]
[EventCountry "AUT"]
[SourceTitle "CBM 186 Extra"]
[Source "ChessBase"]
[SourceDate "2018.08.24"]
[SourceVersion "1"]
[SourceVersionDate "2018.08.24"]
[SourceQuality "1"]

1. e4 e5 2. Nf3 Nc6 3. Bc4 Nf6 4. d3 Be7 5. Nc3 0-0 6. 0-0 d6 7. h3 Na5 8. Bd5 c6 9. Bb3 Nxb3 10. axb3 h6 11. Ne2 Be6 12. Ng3 Qc7 13. Re1 a6 14. d4 exd4 15. Nxd4 Bd7 16. Ndf5 Be6 17. Bf4 Rad8 18. Nxe7+ Qxe7 19. Nf5 Qd7 20. Qxd6 Bxf5 21. Qxd7 Bxd7 22. Bd6 Rfe8 23. e5 Nd5 24. c4 Ne7 25. Bc7 Rc8 26. Bb6 Ng6 27. Bd4 Bf5 28. g4 Bc2 29. Ra3 Rcd8 30. Bc3 Rd1 31. Rxd1 Bxd1 32. Ra1 Bxb3 33. c5 Kf8 34. Re1 Nf4 35. Bd2 Nd3 36. Re3 Bc2 37. Bc3 Nxc5 38. Bb4 b6 39. Bxc5+ bxc5 40. Rc3 Ba4 41. Rxc5 Bb5 42. f4 Ke7 43. Kf2 Kd7 44. Ke3 Kc7 45. b4 Kb6 46. Rc1 Rd8 47. Rc3 a5 48. bxa5+ Kxa5 49. Ra3+ Kb6 50. Ke4 c5 51. Kf5 Rd3 52. Ra8 Rxh3 53. Rb8+ Ka5 54. Ra8+ Kb4 55. Rf8 Bd3# 0-1